000 00771nam a22002417a 4500
001 78898
003 UA-OsUOA
005 20201020095734.0
007 ta
008 20111024b un ||||| |||| 00| 0 ukr d
020 _a966-7613-39-9
040 _aUA-OsUOA
_bukr
_cUA-OsUOA
_dUA-OsUOA
041 _aukr
080 _a34(094.4):347.6
090 _a34(094.4):347.6
_bН34
245 _aНауково-практичний коментар Сімейного кодексу України
_cза ред. Ю. С. Червоного
260 _aК.
_bІстина
_c2003
300 _a464 с.
650 7 _a34 Право. Юриспруденція
_2UDC
942 _cBK
_2udc
955 _a2
999 _c365198
_d365198